000 00941nam0a2200301 4500
001 RU\NLR\bibl\123616
005 20260406054904.0
010 _a5-05-005000-6
_965000
021 _aRU
_b2000-24249п
_9872п
035 _a(NLR Aleph) 000121071
090 _a689468
_c689468
100 _a20001214d2000 |||y0rusy50 ca
101 1 _arus
_ceng
102 _aRU
105 _ay |||||||||
200 1 _aХлоя и Габриэль
_eРоман
_fМаргарет Уэй
_gПер. с англ. [Ю. Евтушенкова]
210 _aМ.
_cРадуга
_d2000
215 _a186, [1] с.
_d17
225 1 _aЛюбовный роман
_v429
686 _aШ6(4Вл)67-440.4
700 1 _4070
_8rus
_7ca
_aУэй
_bМ.
_gМаргарет
_3RU\NLR\auth\779365
_9119197
801 0 _aRU
_bNLR
_c20001214
_gPSBO
801 1 _aRU
_bNLR
_c20001214
852 _aNLR
_j2000-2/2844
942 _cBOOK
980 _aNB